বাংলা থিয়েটারের ইতিহাস / (Record no. 2678)
[ view plain ]
| 000 -LEADER | |
|---|---|
| fixed length control field | 00908nam a22002417a 4500 |
| 003 - CONTROL NUMBER IDENTIFIER | |
| control field | BD-DhJNU |
| 005 - DATE AND TIME OF LATEST TRANSACTION | |
| control field | 20260415061132.0 |
| 008 - FIXED-LENGTH DATA ELEMENTS--GENERAL INFORMATION | |
| fixed length control field | 260415b |||||||| |||| 00| 0 eng d |
| 020 ## - INTERNATIONAL STANDARD BOOK NUMBER | |
| International Standard Book Number | 9789350408414 |
| 040 ## - CATALOGING SOURCE | |
| Original cataloging agency | BD-DhJNU |
| Language of cataloging | ENG |
| Transcribing agency | BD-DhJNU |
| Modifying agency | BD-DhJNU |
| 082 ## - DEWEY DECIMAL CLASSIFICATION NUMBER | |
| Edition number | 23 |
| Classification number | 792.095414 PRH |
| 100 ## - MAIN ENTRY--PERSONAL NAME | |
| Personal name | রক্ষিত, মলয় |
| 242 ## - TRANSLATION OF TITLE BY CATALOGING AGENCY | |
| Title | History of Bengali theatre / |
| Statement of responsibility, etc. | Malay Protected |
| 245 ## - TITLE STATEMENT | |
| Title | বাংলা থিয়েটারের ইতিহাস / |
| Statement of responsibility, etc. | মলয় রক্ষিত |
| 246 ## - VARYING FORM OF TITLE | |
| Title proper/short title | Bangla theatrer Itihas |
| 260 ## - PUBLICATION, DISTRIBUTION, ETC. | |
| Place of publication, distribution, etc. | কলকাতা : |
| Name of publisher, distributor, etc. | সিগনেট প্রেস, |
| Date of publication, distribution, etc. | 2017. |
| 300 ## - PHYSICAL DESCRIPTION | |
| Extent | ২৬০ পৃ. : |
| Other physical details | চিত্র ; |
| Dimensions | ২২সেমি.। |
| 650 ## - SUBJECT ADDED ENTRY--TOPICAL TERM | |
| Topical term or geographic name entry element | বাংলা নাটক |
| 650 ## - SUBJECT ADDED ENTRY--TOPICAL TERM | |
| Topical term or geographic name entry element | Bengali drama |
| 650 ## - SUBJECT ADDED ENTRY--TOPICAL TERM | |
| Topical term or geographic name entry element | ইতিহাস ও সমালোচনা |
| 650 ## - SUBJECT ADDED ENTRY--TOPICAL TERM | |
| Topical term or geographic name entry element | History and criticism |
| 942 ## - ADDED ENTRY ELEMENTS (KOHA) | |
| Source of classification or shelving scheme | Dewey Decimal Classification |
| Koha item type | Books |
| Suppress in OPAC | No |
| Withdrawn status | Lost status | Source of classification or shelving scheme | Damaged status | Not for loan | Collection | Home library | Current library | Shelving location | Date acquired | Source of acquisition | Total checkouts | Full call number | Barcode | Date last seen | Copy number | Price effective from | Koha item type |
|---|---|---|---|---|---|---|---|---|---|---|---|---|---|---|---|---|---|
| Dewey Decimal Classification | Non-fiction | Jagannath University Central Library | Jagannath University Central Library | General stacks | 04/15/2026 | Purchased | 792.095414 PRH | JNUCL36147 | 04/15/2026 | 1 | 04/15/2026 | Books |